000 00446nam a2200181Ia 4500
008 230524s9999 xx 000 0 und d
020 _a9780070265110
082 _bCER
100 _aStefano Ceri
245 0 _aDistributed Databases Principles & Systems
250 _a10
260 _aNew Delhi
_bTMH
_c2012
300 _a393p;
500 _aQuantity Number: 5
650 _aCompter Science
700 _aGiuseppe Pelagatti
942 _cBK
999 _c53993
_d53993